000
00297nam a22001217a 4500
020
_a
978-0-19-568359-2
082
_a
658.3
100
_a
Agarwala, Tanuja
245
_a
Strategic Human Resource Management
260
_a
New Delhi:
_b
Oxford,
_c
2007
300
_a
xiii, 801p.: ill.; 24cm
942
_c
BK
999
_c
22165
_d
22165